000 00569nam a2200217Ia 4500
003 OSt
005 20220928140447.0
006 a|||||r|||| 00| 0
007 ta
008 220927b |||||||| |||| 00| 0 eng d
024 _a8498
037 _cTextual
040 _aSDCL
_cSDCL
_beng
041 _2eng
_aeng
082 _aB280bSigma, M6
100 _aPollard William E
_9495237
245 0 _aBayesian statistics for evaluation research .
260 _c1986
942 _hB280bSigma, M6
_cTEXL
_2CC
999 _c811399
_d811399